000 00674nam a2200241Ia 4500
003 OSt
005 20220923212508.0
006 a|||||r|||| 00| 0
007 ta
008 220922b |||||||| |||| 00| 0 hin d
024 _a153,560
037 _cTextual
040 _aARTS
_cARTS
_bhin
041 _2hin
_ahin
082 _aO152v2:N5, K66
100 _aविराज
245 0 _aहिन्दी साहित्य का सरल इतिहास
246 _aHindī sāhitya kā saral itihāsa
250 _aसंस्क 4
260 _c1966
942 _hO152v2:N5, K66
_cTEXL
_2CC
999 _c309201
_d309201